000 00620nam a2200217Ia 4500
005 20250508165935.0
008 008 250505s9999 xx 000 0 hin d
020 _a978-93-5000-160-8
037 _aTextual
040 _aFEDL
_beng
_cFEDL
041 _ahin
_2eng
084 _a891.433, PRE
_qFEDL
100 _aPremchand
245 0 _a51 anmol kahaniyan
260 _aDelhi, India
_bSakshi Prakashan
_c2011
300 _a335p.
365 _aINR
_b100
546 _aGifted by H.O.D. Namita Ranganathan in memory of Prof. Arvind Gaysu
942 _cTEXL
_h891.433, PRE
999 _c1398316
_d1398316